Dubliners / (Record no. 1546)

MARC details
000 -LEADER
fixed length control field 01400cam a2200337 a 4500
001 - CONTROL NUMBER
control field 1546
003 - CONTROL NUMBER IDENTIFIER
control field FISKH
005 - DATE AND TIME OF LATEST TRANSACTION
control field 20230906132948.0
008 - FIXED-LENGTH DATA ELEMENTS--GENERAL INFORMATION
fixed length control field 110817s2011 nyu b 000 1 eng
010 ## - LIBRARY OF CONGRESS CONTROL NUMBER
LC control number 2011453999
020 ## - INTERNATIONAL STANDARD BOOK NUMBER
International Standard Book Number 9780486478050 (pbk.)
020 ## - INTERNATIONAL STANDARD BOOK NUMBER
International Standard Book Number 9780007449408
020 ## - INTERNATIONAL STANDARD BOOK NUMBER
International Standard Book Number 048647805X (pbk.)
040 ## - CATALOGING SOURCE
Original cataloging agency DLC
Transcribing agency DLC
Language of cataloging eng
Modifying agency FISKH
042 ## - AUTHENTICATION CODE
Authentication code pcc
043 ## - GEOGRAPHIC AREA CODE
Geographic area code e-ie---
050 00 - LIBRARY OF CONGRESS CALL NUMBER
Classification number PR6019.O9
Item number D8 2011b
082 00 - DEWEY DECIMAL CLASSIFICATION NUMBER
Classification number 823/.912
100 1# - MAIN ENTRY--PERSONAL NAME
Personal name Joyce, Jame
Dates associated with a name 1882-1941.
245 10 - TITLE STATEMENT
Title Dubliners /
Statement of responsibility, etc. James Joyce.
250 ## - EDITION STATEMENT
Edition statement Dover thrift study ed.
260 ## - PUBLICATION, DISTRIBUTION, ETC.
Place of publication, distribution, etc. Dublin :
Name of publisher, distributor, etc. Harper Collins.
Date of publication, distribution, etc. 2011
300 ## - PHYSICAL DESCRIPTION
Extent 242 pages :
Dimensions 18 cm
520 ## - SUMMARY, ETC.
Summary, etc. Introduction and Notes by Laurence Davies, Dartmouth College, New Hampshire. Living overseas but writing, always, about his native city, Joyce made Dublin unforgettable. The stories in Dubliners show us truants, seducers, gossips, rally-drivers, generous hostesses, corrupt politicians, failing priests, amateur theologians, struggling musicians, moony adolescents, victims of domestic brutishness, sentimental aunts and poets, patriots earnest or cynical, and people striving to get by.
521 8# - TARGET AUDIENCE NOTE
Target audience note 900 <br/>
Source Lexile
651 #0 - SUBJECT ADDED ENTRY--GEOGRAPHIC NAME
Geographic name Dublin (Ireland)
Form subdivision Fiction.
651 #0 - SUBJECT ADDED ENTRY--GEOGRAPHIC NAME
Geographic name Ireland
906 ## - LOCAL DATA ELEMENT F, LDF (RLIN)
a 7
b cbc
c orignew
d 2
e ncip
f 20
g y-gencatlg
942 ## - ADDED ENTRY ELEMENTS (KOHA)
Source of classification or shelving scheme Dewey Decimal Classification
Koha item type Books
Suppress in OPAC No
Holdings
Withdrawn status Lost status Source of classification or shelving scheme Damaged status Not for loan Collection Home library Current library Shelving location Date acquired Total Checkouts Full call number Barcode Date last seen Price effective from Koha item type
    Library of Congress Classification     Non-Fiction Footprints International School Library Network Toul Kork Campus Footprints International School Library Network Toul Kork Campus   09/06/2023   JOY 823.912 PR6019.O9 2023-0497 09/06/2023 09/06/2023 Books